| 000 | 02034nam0a2200337 4500 | ||
|---|---|---|---|
| 001 | RU\NLR\bibl\1731556 | ||
| 005 | 20260407133536.0 | ||
| 021 |
_aRU _b2010-105644 _97136 |
||
| 035 | _a(nilc)RSL-KNO-004874115 | ||
| 035 | _a(NLR Aleph) 001722504 | ||
| 090 |
_a1348686 _c1348686 |
||
| 100 | _a20110111d2010 |||y0rusy50 ca | ||
| 101 | 0 | _arus | |
| 102 | _aRU | ||
| 105 | _ay ||||||||| | ||
| 200 | 1 |
_aМорально-психологическое обеспечение оперативно-служебной деятельности личного состава органов внутренних дел _eсборник нормативных документов и методических материалов _fМ-во внутр. дел Рос. Федерации, Деп. кадрового обеспечения _g[авт.-сост.: к.п.н. В.Л. Кубышко и др.] |
|
| 210 |
_aМосква _cЦОКР МВД России _d2010 |
||
| 215 |
_a164 с. _d22 |
||
| 606 | 1 |
_aОрганы внутренних дел _jНормативные документы _xКадры _xПрофессиональная деятельность _yРоссийская Федерация _92363975 _3RU\NLR\auth\661411441 |
|
| 606 | 1 |
_aОрганы внутренних дел _jНормативные документы _xКадры _xВоспитательная работа _yРоссийская Федерация _92222740 _3RU\NLR\auth\661334580 |
|
| 686 |
_aХ621.163.01-7-321.2 _2rubbk |
||
| 686 | _aХ621.163.01-39(2Р)21 | ||
| 702 | 1 |
_aКубышко _bВ. Л. _gВладимир Леонидович _4220 |
|
| 712 | 0 | 1 |
_4570 _aРоссийская Федерация _bМинистерство внутренних дел _bДепартамент кадрового обеспечения _9662046 _3RU\NLR\AUTH\8810079953 |
| 801 | 0 |
_aRU _bRuMoRKP _c20110111 _grcr |
|
| 801 | 1 |
_aRU _bRuMoRGB _c20110111 |
|
| 801 | 2 |
_aRU _bNLR _c20110204 _grcr |
|
| 830 | _aсост.по кн. | ||
| 942 | _cBOOK | ||
| 980 | _aNB | ||